000 00491cam a2200193ua 4500
001 7599
008 141218n ii |||gr||||Z||||||ben
040 _cMAIN
041 _aben
082 _a891.44
100 _aSen, R. Kr.,
_eAuthor.
245 1 _aBangali sangkriti o bangla sahitya
_cBy Ranjit Kumar Sen
250 _a1st.
260 _aKolkatta:
_bBharati,
_c1978.
300 _a214p.
653 _aEast Indo-European & Celtic literatures
653 _aBengali literature
942 _cBK
999 _c6721
_d6721